Tòa án quốc tế về luật biển
Cuốn sách tập trung làm rõ tổ chức, thẩm quyền, cơ chế hoạt động cũng như một số vụviệc điển hình của cơ quan tài phán quốc tế này.
Na minha lista:
| Autor principal: | |
|---|---|
| Formato: | Livro |
| Idioma: | Undetermined |
| Publicado em: |
Hà Nội
Tư Pháp
2006
|
| Assuntos: | |
| Tags: |
Adicionar Tag
Sem tags, seja o primeiro a adicionar uma tag!
|
| Thư viện lưu trữ: | Trung tâm Học liệu Trường Đại học Cần Thơ |
|---|
| LEADER | 00789nam a2200205Ia 4500 | ||
|---|---|---|---|
| 001 | CTU_105262 | ||
| 008 | 210402s9999 xx 000 0 und d | ||
| 020 | |c 40000 | ||
| 082 | |a 341.7566 | ||
| 082 | |b Th108 | ||
| 100 | |a Nguyễn, Hồng Thao | ||
| 245 | 0 | |a Tòa án quốc tế về luật biển | |
| 245 | 0 | |c Nguyễn Hồng Thao | |
| 260 | |a Hà Nội | ||
| 260 | |b Tư Pháp | ||
| 260 | |c 2006 | ||
| 520 | |a Cuốn sách tập trung làm rõ tổ chức, thẩm quyền, cơ chế hoạt động cũng như một số vụviệc điển hình của cơ quan tài phán quốc tế này. | ||
| 650 | |a International law,Maritime law | ||
| 904 | |i Nguyên | ||
| 980 | |a Trung tâm Học liệu Trường Đại học Cần Thơ | ||